00256nam a2200097Ia 4500008004000000082001100040100002000051245002700071260005200098300000800150210210b1909 xxu||||| |||| 00| 0 eng d a110/81 aMULLER (Max F). aComparative mythology. aLondonbGeorge Routledge and Sons Limitedc1909 a184